Serverové monitorovanie a analýza komunikácie mobilných zariadení

Uložené v:
Podrobná bibliografia
Hlavný autor: Danížek, Christian (Autor)
Ďalší autori: Hudec, Ján (Vedúci práce)
Médium: Rukopis Kniha
Jazyk:Slovak
Vydavateľské údaje: 2025
Predmet:
On-line prístup:http://is.stuba.sk/zp/portal_zp.pl?podrobnosti=183581
Tagy: Pridať tag
Žiadne tagy, Buďte prvý, kto otaguje tento záznam!

MARC

LEADER 00000ntm a22000003a 4500
001 stuzp105874
003 SK-STU
005 20250607211921.0
007 ta
008 150427s2015----xo-----f-mn---000-0-slo-d
040 |a STU  |b slo 
041 0 |a slo 
100 1 |a Danížek, Christian  |u 070400  |4 aut  |U FIIT Fakulta informatiky a informačných technológií  |T FIIT Ústav počítačového inžinierstva a aplikovanej informatiky  |X 110782  |U I400  |Y 672  |7 110782 
242 0 1 |a Server-based monitoring and analysis of mobile device communication  |y eng 
245 1 0 |a Serverové monitorovanie a analýza komunikácie mobilných zariadení 
260 |c 2025 
650 4 |a monitoring  |2 eng 
650 4 |a android  |2 eng 
650 4 |a network  |2 eng 
650 4 |a android  |2 slo 
650 4 |a monitorovanie  |2 slo 
650 4 |a sieť  |2 slo 
700 1 |a Hudec, Ján  |u 070400  |k Z1  |4 ths  |U FIIT Fakulta informatiky a informačných technológií  |T FIIT Ústav počítačového inžinierstva a aplikovanej informatiky  |X 1995  |U I400  |Y 672  |7 A000001995 
856 4 |u http://is.stuba.sk/zp/portal_zp.pl?podrobnosti=183581